Countries with the Most Semitic Language Speakers - Statistics

General Stats
  • This quiz has been taken 70 times
  • The average score is 14 of 15
Answer Stats
Semitic speaking pop. Percent of total pop. Answer % Correct
108,207,000 99% Egypt
100%
27,178,770 77.3% Saudi Arabia
100%
40,100,000 83.5% Algeria
97%
25,003,930 64.5% Morocco
97%
22,908,120 47.7% Iraq
95%
17,951,639 67.8% Syria
95%
14,671,000 34.1% Yemen
95%
8,300,000 93.5% Israel
94%
28,164,500 52.9% Sudan
94%
4,180,000 70.9% Lebanon
92%
10,800,500 87% Tunisia
89%
41,148,800 35.2% Ethiopia
86%
5,083,300 43.9% Jordan
84%
4,526,000 60% Libya
84%
3,788,000 18.7% Somalia
75%
No matching quizzes found
Score Distribution
Percent of People with Each Score
Percentile by Number Answered
Your Score History
You have not taken this quiz